| 000 | 00452nam a2200169Ia 4500 | ||
|---|---|---|---|
| 999 |
_c1928 _d1928 |
||
| 020 | _a1-85567-345-2 | ||
| 082 | _a300.1 CRO; | ||
| 245 | 0 | _aCross-national research methods in the social sciences | |
| 260 |
_aLondon _bPinter Publishers _c1996 |
||
| 300 | _a230p. | ||
| 504 | _aIncudes index | ||
| 650 | _aSocial sciences - Methodology | ||
| 650 | _aSocial sciences - Research | ||
| 700 | _aHantrais, Linda | ||
| 700 | _aMangen, Steen | ||
| 942 | _cBK | ||